Central Library OPAC University of Rajshahi

The peacock, the national bird of India / (Record no. 14799)

MARC details
000 -LEADER
fixed length control field 00739cam a2200253 i 4500
001 - CONTROL NUMBER
control field 14799
003 - CONTROL NUMBER IDENTIFIER
rucl marc code BD-RjUL
005 - DATE AND TIME OF LATEST TRANSACTION
control field 20211208235708.0
008 - FIXED-LENGTH DATA ELEMENTS--GENERAL INFORMATION
fixed length control field 140208s1977 ii af b 001 0 eng
035 ## - SYSTEM CONTROL NUMBER
System control number (BD-RjUL)14853
040 ## - CATALOGING SOURCE
Original cataloging agency DLC
Transcribing agency DLC
Modifying agency DLC
-- BD-RjUL
Language of cataloging eng
041 ## - LANGUAGE CODE
Language code of text/sound track or separate title eng
082 00 - DEWEY DECIMAL CLASSIFICATION NUMBER
Classification number 398.369861
Author mark and year THP 1977
100 2# - MAIN ENTRY--PERSONAL NAME
Personal name Thankappan Nair, P.
9 (RLIN) 46099
245 14 - TITLE STATEMENT
Title The peacock, the national bird of India /
Statement of responsibility, etc. P. Thankappan Nair.
260 ## - PUBLICATION, DISTRIBUTION, ETC. (IMPRINT)
Place of publication, distribution, etc. Calcutta :
Name of publisher, distributor, etc. Firma KLM,
Date of publication, distribution, etc. 1977.
300 ## - PHYSICAL DESCRIPTION
Pagination xv, 340 p. :
Illustrations ill. ;
Size 22 cm.
504 ## - BIBLIOGRAPHY, ETC. NOTE
Bibliography, etc Bibliography: p. [266]-279.
Bibliography, etc Includes indexes.
650 #0 - SUBJECT ADDED ENTRY--TOPICAL TERM
Topical term or geographic name as entry element Peafowl
General subdivision Folklore.
9 (RLIN) 46100
Topical term or geographic name as entry element Emblems, National
Geographic subdivision India.
9 (RLIN) 46101
942 ## - ADDED ENTRY ELEMENTS (KOHA)
Source of classification or shelving scheme Dewey Decimal Classification
Koha item type Books
Holdings
Lost status Source of classification or shelving scheme Damaged status Not for loan Collection code Permanent Location Current Location Shelving location Date acquired Source of acquisition Cost, normal purchase price Total Checkouts Full call number Date last seen Copy number Koha item type
  Dewey Decimal Classification     Non-fiction Central Library, University of Rajshahi Central Library, University of Rajshahi   05/03/1998 dhaka Aligarh library 60.00   398.369861 THP 1977 08/02/2014 C-3 Books
  Dewey Decimal Classification     Non-fiction Central Library, University of Rajshahi Central Library, University of Rajshahi   05/03/1998 dhaka Aligarh library 60.00   398.369861 THP 1977 06/06/2017 C-2 Books
  Dewey Decimal Classification   Not For Loan Non-fiction Central Library, University of Rajshahi Central Library, University of Rajshahi Reading Room 05/03/1998 dhaka Aligarh library 60.00   398.369861 THP 1977 06/06/2017 C-1 Books
  Dewey Decimal Classification     Non-fiction Central Library, University of Rajshahi Central Library, University of Rajshahi   25/07/1996 Ankur , Dhaka 60.00   398.369861 THP 1977 14/02/2019 C-4 Books